| 000 -LEADER | |
|---|---|
| fixed length control field | 00424nam a22001457a 4500 |
| 020 ## - INTERNATIONAL STANDARD BOOK NUMBER | |
| ISBN | 9780136093688 |
| 050 ## - LIBRARY OF CONGRESS CALL NUMBER | |
| Classification number | T58.6L\lau |
| 100 ## - MAIN ENTRY--AUTHOR NAME | |
| Personal name | LAUDON, Kenneth C. and LAUDON. Jane P. |
| 245 ## - TITLE STATEMENT | |
| Title | Management Information Systems: managing the digital firm |
| 250 ## - EDITION STATEMENT | |
| Edition statement | 11th edition |
| 260 ## - PUBLICATION, DISTRIBUTION, ETC. (IMPRINT) | |
| Place of publication | Upper Saddle River, New Jersey |
| Name of publisher | Pearson Education, Inc. |
| Year of publication | 2010 |
| 300 ## - PHYSICAL DESCRIPTION | |
| Number of Pages | 653 pages |
| 942 ## - ADDED ENTRY ELEMENTS (KOHA) | |
| Koha item type | Books |
| 988 ## - PAGINATION/EXTENT | |
| PAGINATION/EXTENT | ill., includes index |
| Koha item type | Collection code | Shelving location | Accession Number | Permanent Location | Current Location | Date acquired | Full call number |
|---|---|---|---|---|---|---|---|
| Books | Lending | Lending | 0180 | Chapman Library | Chapman Library | 2015-12-17 | T58.6L376 |
| Books | Lending | Lending | 0181 | Chapman Library | Chapman Library | 2015-12-17 | T58.6L376 |
| Books | Reference | Reference | 0182 | Chapman Library | Chapman Library | 2015-12-17 | T58.6L376 |
| Books | Reference | Reference | 0183 | Chapman Library | Chapman Library | 2015-12-17 | T58.6L376 |

